<?xml version="1.0" encoding="UTF-8"?><?xml-stylesheet type="text/xsl" href="static/style.xsl"?><OAI-PMH xmlns="http://www.openarchives.org/OAI/2.0/" xmlns:xsi="http://www.w3.org/2001/XMLSchema-instance" xsi:schemaLocation="http://www.openarchives.org/OAI/2.0/ http://www.openarchives.org/OAI/2.0/OAI-PMH.xsd"><responseDate>2026-06-02T09:05:44Z</responseDate><request verb="GetRecord" identifier="oai:riuma.uma.es:10630/15472" metadataPrefix="marc">https://riuma.uma.es/rest/oai/request</request><GetRecord><record><header><identifier>oai:riuma.uma.es:10630/15472</identifier><datestamp>2026-02-03T10:21:22Z</datestamp><setSpec>com_10630_1685</setSpec><setSpec>col_10630_38055</setSpec></header><metadata><record xmlns="http://www.loc.gov/MARC21/slim" xmlns:dcterms="http://purl.org/dc/terms/" xmlns:doc="http://www.lyncode.com/xoai" xmlns:xsi="http://www.w3.org/2001/XMLSchema-instance" xsi:schemaLocation="http://www.loc.gov/MARC21/slim http://www.loc.gov/standards/marcxml/schema/MARC21slim.xsd">
   <leader>00925njm 22002777a 4500</leader>
   <datafield ind2=" " ind1=" " tag="042">
      <subfield code="a">dc</subfield>
   </datafield>
   <datafield ind2=" " ind1=" " tag="720">
      <subfield code="a">Morales Escobar, Francisco</subfield>
      <subfield code="e">author</subfield>
   </datafield>
   <datafield ind2=" " ind1=" " tag="260">
      <subfield code="c">2018-03-22</subfield>
   </datafield>
   <datafield ind2=" " ind1=" " tag="520">
      <subfield code="a">El presente proyecto tiene como finalidad realizar una aplicación móvil, para una&#xd;
empresa ficticia cuya actividad se centra en ofrecer la instalación de césped artificial&#xd;
en distintos ámbitos.&#xd;
La aplicación móvil tendrá como función principal dar al usuario la posibilidad de&#xd;
simular en una fotografía, tomada previamente, el resultado de instalar cualquiera&#xd;
de sus productos en una zona determinada. Además permitirá al usuario consultar el&#xd;
catálogo de productos, solicitar presupuestos, acceder tanto a noticias como&#xd;
promociones, así como a todos los datos de contacto de la empresa (web, correo&#xd;
electrónico, teléfono…).&#xd;
Por otro lado también se ha desarrollado una web de gestión desde la cual la&#xd;
empresa podrá modificar toda la información visible en la app móvil (catálogo,&#xd;
información de contacto, noticias…), además de la posibilidad de lanzar&#xd;
notificaciones Push directamente a la app.&#xd;
Se han analizado las diversas alternativas para la tarea concerniente al&#xd;
procesamiento de imágenes, librerías externas y librerías nativas de Android.</subfield>
   </datafield>
   <datafield ind1="8" ind2=" " tag="024">
      <subfield code="a">https://hdl.handle.net/10630/15472</subfield>
   </datafield>
   <datafield tag="653" ind2=" " ind1=" ">
      <subfield code="a">Android (Sistema operativo de dispositivos móviles)</subfield>
   </datafield>
   <datafield tag="653" ind2=" " ind1=" ">
      <subfield code="a">Dispositivos móviles (Informática)</subfield>
   </datafield>
   <datafield tag="653" ind2=" " ind1=" ">
      <subfield code="a">Informática - Trabajos Fin de Grado</subfield>
   </datafield>
   <datafield tag="653" ind2=" " ind1=" ">
      <subfield code="a">Grado en Ingeniería Informática - Trabajos Fin de Grado</subfield>
   </datafield>
   <datafield ind2="0" ind1="0" tag="245">
      <subfield code="a">Procesamiento de imágenes en Android</subfield>
   </datafield>
</record>
</metadata></record></GetRecord></OAI-PMH>